Hodnotenie vybraných vlastností priemyselných a motorových olejov
Gespeichert in:
| 1. Verfasser: | |
|---|---|
| Weitere Verfasser: | |
| Format: | Manuskript Buch |
| Sprache: | Slowakisch |
| Veröffentlicht: |
2017
|
| Schlagworte: | |
| Online-Zugang: | http://is.stuba.sk/zp/portal_zp.pl?podrobnosti=119138 |
| Tags: |
Keine Tags, Fügen Sie das erste Tag hinzu!
|
MARC
| LEADER | 00000ntm a22000003a 4500 | ||
|---|---|---|---|
| 001 | stuzp64027 | ||
| 003 | SK-STU | ||
| 005 | 20170603210819.1 | ||
| 007 | ta | ||
| 008 | 150427s2015----xo-----f-mn---000-0-slo-d | ||
| 040 | |a STU |b slo | ||
| 041 | 0 | |a slo | |
| 100 | 1 | |a Hutár, Marek |u 065000 |k Z4 |4 aut |U MTF Materiálovotechnologická fakulta |T MTF Ústav integrovanej bezpečnosti |X 48190 |U M5000 |Y 85 |7 A000048190 | |
| 242 | 0 | 1 | |a Evaluation of selected properties of industrial and motor oils |y eng |
| 245 | 1 | 0 | |a Hodnotenie vybraných vlastností priemyselných a motorových olejov |
| 260 | |c 2017 | ||
| 650 | 4 | |a mazivá |2 slo | |
| 650 | 4 | |a výroba |2 slo | |
| 650 | 4 | |a viskozita |2 slo | |
| 650 | 4 | |a oleje |2 slo | |
| 650 | 4 | |a použitie |2 slo | |
| 650 | 4 | |a likvidácia |2 slo | |
| 650 | 4 | |a bod vzplanutia |2 slo | |
| 650 | 4 | |a FT-IR |2 slo | |
| 650 | 4 | |a index lomu |2 slo | |
| 650 | 4 | |a hustota |2 slo | |
| 650 | 4 | |a oils |2 eng | |
| 650 | 4 | |a lubricants |2 eng | |
| 650 | 4 | |a use |2 eng | |
| 650 | 4 | |a viscosity |2 eng | |
| 650 | 4 | |a production |2 eng | |
| 650 | 4 | |a disposal |2 eng | |
| 650 | 4 | |a flash point |2 eng | |
| 650 | 4 | |a FT-IR |2 eng | |
| 650 | 4 | |a refractive index |2 eng | |
| 650 | 4 | |a density |2 eng | |
| 700 | 1 | |a Blinová, Lenka |u 065100 |k Z1 |4 ths |U MTF Ústav integrovanej bezpečnosti |T MTF Katedra environmentálneho inžinierstva |X 34036 |U M5100 |Y 194 |7 A000034036 | |
| 856 | 4 | |u http://is.stuba.sk/zp/portal_zp.pl?podrobnosti=119138 | |
| 996 | |c M* DP-13145 |l MMSKP |s P |a 0 |w stuzp64027_0001 | ||